000 00515nam a2200193Ia 4500
003 GCL
008 140319s9999 xx 000 0 eng d
040 _aGCL /
_cGCL
082 0 4 _a708.1
_bN I
100 1 _aNAGATATEASANO
245 1 0 _aILLUSTRATED CATALOGUE: TREASURES ORIGINALLY MON THE HARYU J I /
_cNAGATATEASANO
260 _a[S.N] :
_bTOKYO NATIONAL MUSEUM ،
_c1959
300 _a110
650 0 4 _aARTS
650 0 4 _aART, HANDBOOKS
650 0 4 _aART, JAPAN
650 0 4 _aART, HISTORY
942 _2ddc
_cBK
999 _c19487
_d19487